000 00379nam a2200133Ia 4500
008 220204s9999 xx 000 0 und d
082 _a332.021.8:63
_bMIS
100 _aMISHRA, G P
245 0 _aSome aspects of change in agrarian structure.
260 _aNew Delhi
_bSterling
_c1977
490 _aISEC Monographs; 4. Ed by VKRV Rao
650 _aAgrarian structure
942 _cBK
999 _c32524
_d32524